Statistics for Capitals of states of India

Click here to take the quiz!

General Stats

  • This quiz has been taken 7 times
  • The average score is 14 of 29

Answer Stats

StateAnswer% Correct
Madhya PradeshBhopal
100%
MaharashtraMumbai
100%
KarnatakaBengaluru
83%
Tamil NaduChennai
83%
RajasthanJaipur
83%
TelanganaHyderabad
67%
West BengalKolkata
67%
Uttar PradeshLucknow
67%
BiharPatna
67%
JharkhandRanchi
67%
HaryanaChandigarh
50%
PunjabChandigarh
50%
GoaPanaji
50%
ChattisgarhRaipur
50%
Himachal PradeshShimla
50%
Jammu & KashmirSrinagar
50%
AssamDispur
33%
SikkimGangtok
33%
Arunachal PradeshItanagar
33%
KeralaThiruvananthapuram
33%
TripuraAgartala
17%
Andhra PradeshAmravati
17%
OdishaBhubaneshwar
17%
UttarakhandDehradun
17%
GujaratGandhinagar
17%
ManipurImphal
17%
NagalandKohima
17%
MeghalayaShillong
17%
MizoramAizawl
0%

Score Distribution

Percentile by Number Answered

Percent of People with Each Score

Your Score History

You have not taken this quiz